<?xml version="1.0" encoding="UTF-8"?>
<record
    xmlns:xsi="http://www.w3.org/2001/XMLSchema-instance"
    xsi:schemaLocation="http://www.loc.gov/MARC21/slim http://www.loc.gov/standards/marcxml/schema/MARC21slim.xsd"
    xmlns="http://www.loc.gov/MARC21/slim">

  <leader>00735nam a22002177a 4500</leader>
  <datafield tag="999" ind1=" " ind2=" ">
    <subfield code="c">60994</subfield>
    <subfield code="d">60994</subfield>
  </datafield>
  <controlfield tag="005">20190331162324.0</controlfield>
  <datafield tag="010" ind1=" " ind2=" ">
    <subfield code="a">B-469366-392</subfield>
  </datafield>
  <datafield tag="020" ind1=" " ind2=" ">
    <subfield code="a">8173018723</subfield>
    <subfield code="c">160.00</subfield>
  </datafield>
  <datafield tag="020" ind1=" " ind2=" ">
    <subfield code="a">9781730187230</subfield>
    <subfield code="c">160.00</subfield>
  </datafield>
  <datafield tag="035" ind1=" " ind2=" ">
    <subfield code="a">B-469366-392</subfield>
  </datafield>
  <datafield tag="037" ind1=" " ind2=" ">
    <subfield code="a">DPL</subfield>
    <subfield code="b">Blue Berry/Ven</subfield>
  </datafield>
  <datafield tag="082" ind1=" " ind2=" ">
    <subfield code="a">540</subfield>
  </datafield>
  <datafield tag="100" ind1=" " ind2=" ">
    <subfield code="a">Chawla, Anuj</subfield>
  </datafield>
  <datafield tag="245" ind1=" " ind2=" ">
    <subfield code="a">Chemistry /</subfield>
    <subfield code="c">by Anuj Chawla</subfield>
  </datafield>
  <datafield tag="260" ind1=" " ind2=" ">
    <subfield code="a">New Delhi</subfield>
    <subfield code="b">Dreamland </subfield>
    <subfield code="c">2010</subfield>
  </datafield>
  <datafield tag="270" ind1=" " ind2=" ">
    <subfield code="a">J-128, Kirti Nagar</subfield>
    <subfield code="b">New Delhi</subfield>
    <subfield code="e">110015</subfield>
    <subfield code="k">011-25106050</subfield>
    <subfield code="l">011-25438283</subfield>
    <subfield code="m">dreamland@vsnl.com</subfield>
  </datafield>
  <datafield tag="300" ind1=" " ind2=" ">
    <subfield code="a">63p.</subfield>
    <subfield code="b">COL.ill</subfield>
    <subfield code="c">28 cm</subfield>
  </datafield>
  <datafield tag="490" ind1=" " ind2=" ">
    <subfield code="a">Know About Science</subfield>
  </datafield>
  <datafield tag="942" ind1=" " ind2=" ">
    <subfield code="2">ddc</subfield>
    <subfield code="c">CH</subfield>
    <subfield code="m">CHA</subfield>
    <subfield code="h">540</subfield>
  </datafield>
  <datafield tag="952" ind1=" " ind2=" ">
    <subfield code="0">0</subfield>
    <subfield code="1">0</subfield>
    <subfield code="4">0</subfield>
    <subfield code="7">0</subfield>
    <subfield code="8">NFIC</subfield>
    <subfield code="a">M</subfield>
    <subfield code="b">M</subfield>
    <subfield code="d">2012-11-26</subfield>
    <subfield code="g">160.00</subfield>
    <subfield code="l">0</subfield>
    <subfield code="o">540 CHA</subfield>
    <subfield code="p">B-469366</subfield>
    <subfield code="r">2012-11-26 00:00:00</subfield>
    <subfield code="t">2</subfield>
    <subfield code="w">2012-11-26</subfield>
    <subfield code="y">CH</subfield>
  </datafield>
  <datafield tag="952" ind1=" " ind2=" ">
    <subfield code="0">0</subfield>
    <subfield code="1">0</subfield>
    <subfield code="4">0</subfield>
    <subfield code="7">0</subfield>
    <subfield code="8">NFIC</subfield>
    <subfield code="a">M</subfield>
    <subfield code="b">M</subfield>
    <subfield code="d">2012-11-26</subfield>
    <subfield code="g">160.00</subfield>
    <subfield code="l">0</subfield>
    <subfield code="o">540 CHA</subfield>
    <subfield code="p">B-469367</subfield>
    <subfield code="r">2012-11-26 00:00:00</subfield>
    <subfield code="t">2</subfield>
    <subfield code="w">2012-11-26</subfield>
    <subfield code="y">CH</subfield>
  </datafield>
  <datafield tag="952" ind1=" " ind2=" ">
    <subfield code="0">0</subfield>
    <subfield code="1">0</subfield>
    <subfield code="4">0</subfield>
    <subfield code="7">0</subfield>
    <subfield code="8">NFIC</subfield>
    <subfield code="a">NPL</subfield>
    <subfield code="b">NPL</subfield>
    <subfield code="d">2012-11-26</subfield>
    <subfield code="g">160.00</subfield>
    <subfield code="l">0</subfield>
    <subfield code="o">540 CHA</subfield>
    <subfield code="p">B-469368</subfield>
    <subfield code="r">2012-11-26 00:00:00</subfield>
    <subfield code="t">1</subfield>
    <subfield code="w">2012-11-26</subfield>
    <subfield code="y">CH</subfield>
  </datafield>
  <datafield tag="952" ind1=" " ind2=" ">
    <subfield code="0">0</subfield>
    <subfield code="1">0</subfield>
    <subfield code="4">0</subfield>
    <subfield code="7">0</subfield>
    <subfield code="8">NFIC</subfield>
    <subfield code="a">L</subfield>
    <subfield code="b">L</subfield>
    <subfield code="d">2012-11-26</subfield>
    <subfield code="g">160.00</subfield>
    <subfield code="l">4</subfield>
    <subfield code="m">1</subfield>
    <subfield code="o">540 CHA</subfield>
    <subfield code="p">B-469369</subfield>
    <subfield code="r">2018-12-13 00:00:00</subfield>
    <subfield code="s">2018-11-30</subfield>
    <subfield code="t">1</subfield>
    <subfield code="w">2012-11-26</subfield>
    <subfield code="y">CH</subfield>
  </datafield>
  <datafield tag="952" ind1=" " ind2=" ">
    <subfield code="0">0</subfield>
    <subfield code="1">0</subfield>
    <subfield code="4">0</subfield>
    <subfield code="7">0</subfield>
    <subfield code="8">NFIC</subfield>
    <subfield code="a">BL1</subfield>
    <subfield code="b">BL1</subfield>
    <subfield code="d">2012-11-26</subfield>
    <subfield code="g">160.00</subfield>
    <subfield code="l">0</subfield>
    <subfield code="o">540 CHA</subfield>
    <subfield code="p">B-469370</subfield>
    <subfield code="r">2012-11-26 00:00:00</subfield>
    <subfield code="t">1</subfield>
    <subfield code="w">2012-11-26</subfield>
    <subfield code="y">CH</subfield>
  </datafield>
  <datafield tag="952" ind1=" " ind2=" ">
    <subfield code="0">0</subfield>
    <subfield code="1">0</subfield>
    <subfield code="4">0</subfield>
    <subfield code="7">0</subfield>
    <subfield code="8">NFIC</subfield>
    <subfield code="a">KGM</subfield>
    <subfield code="b">KGM</subfield>
    <subfield code="d">2012-11-26</subfield>
    <subfield code="g">160.00</subfield>
    <subfield code="l">0</subfield>
    <subfield code="o">540 CHA</subfield>
    <subfield code="p">B-469371</subfield>
    <subfield code="r">2012-11-26 00:00:00</subfield>
    <subfield code="t">1</subfield>
    <subfield code="w">2012-11-26</subfield>
    <subfield code="y">CH</subfield>
  </datafield>
  <datafield tag="952" ind1=" " ind2=" ">
    <subfield code="0">0</subfield>
    <subfield code="1">0</subfield>
    <subfield code="4">0</subfield>
    <subfield code="7">0</subfield>
    <subfield code="8">NFIC</subfield>
    <subfield code="a">PR</subfield>
    <subfield code="b">PR</subfield>
    <subfield code="d">2012-11-26</subfield>
    <subfield code="g">160.00</subfield>
    <subfield code="l">0</subfield>
    <subfield code="o">540 CHA</subfield>
    <subfield code="p">B-469372</subfield>
    <subfield code="r">2012-11-26 00:00:00</subfield>
    <subfield code="t">1</subfield>
    <subfield code="w">2012-11-26</subfield>
    <subfield code="y">CH</subfield>
  </datafield>
  <datafield tag="952" ind1=" " ind2=" ">
    <subfield code="0">0</subfield>
    <subfield code="1">0</subfield>
    <subfield code="4">0</subfield>
    <subfield code="7">0</subfield>
    <subfield code="8">NFIC</subfield>
    <subfield code="a">TN</subfield>
    <subfield code="b">TN</subfield>
    <subfield code="d">2012-11-26</subfield>
    <subfield code="g">160.00</subfield>
    <subfield code="l">0</subfield>
    <subfield code="o">540 CHA</subfield>
    <subfield code="p">B-469373</subfield>
    <subfield code="r">2012-11-26 00:00:00</subfield>
    <subfield code="t">1</subfield>
    <subfield code="w">2012-11-26</subfield>
    <subfield code="y">CH</subfield>
  </datafield>
  <datafield tag="952" ind1=" " ind2=" ">
    <subfield code="0">0</subfield>
    <subfield code="1">0</subfield>
    <subfield code="4">0</subfield>
    <subfield code="7">0</subfield>
    <subfield code="8">NFIC</subfield>
    <subfield code="a">CJ</subfield>
    <subfield code="b">CJ</subfield>
    <subfield code="d">2012-11-26</subfield>
    <subfield code="g">160.00</subfield>
    <subfield code="l">0</subfield>
    <subfield code="o">540 CHA</subfield>
    <subfield code="p">B-469374</subfield>
    <subfield code="r">2012-11-26 00:00:00</subfield>
    <subfield code="t">1</subfield>
    <subfield code="w">2012-11-26</subfield>
    <subfield code="y">CH</subfield>
  </datafield>
  <datafield tag="952" ind1=" " ind2=" ">
    <subfield code="0">0</subfield>
    <subfield code="1">0</subfield>
    <subfield code="4">0</subfield>
    <subfield code="7">0</subfield>
    <subfield code="8">NFIC</subfield>
    <subfield code="a">JP</subfield>
    <subfield code="b">JP</subfield>
    <subfield code="d">2012-11-26</subfield>
    <subfield code="g">160.00</subfield>
    <subfield code="l">27</subfield>
    <subfield code="o">540 CHA</subfield>
    <subfield code="p">B-469375</subfield>
    <subfield code="r">2018-06-28 00:00:00</subfield>
    <subfield code="s">2015-08-17</subfield>
    <subfield code="t">1</subfield>
    <subfield code="w">2012-11-26</subfield>
    <subfield code="y">CH</subfield>
  </datafield>
  <datafield tag="952" ind1=" " ind2=" ">
    <subfield code="0">0</subfield>
    <subfield code="1">0</subfield>
    <subfield code="4">0</subfield>
    <subfield code="7">0</subfield>
    <subfield code="8">NFIC</subfield>
    <subfield code="a">ZLS</subfield>
    <subfield code="b">ZLS</subfield>
    <subfield code="d">2012-11-26</subfield>
    <subfield code="g">160.00</subfield>
    <subfield code="l">0</subfield>
    <subfield code="o">540 CHA</subfield>
    <subfield code="p">B-469376</subfield>
    <subfield code="r">2012-11-26 00:00:00</subfield>
    <subfield code="t">1</subfield>
    <subfield code="w">2012-11-26</subfield>
    <subfield code="y">CH</subfield>
  </datafield>
  <datafield tag="952" ind1=" " ind2=" ">
    <subfield code="0">0</subfield>
    <subfield code="1">0</subfield>
    <subfield code="4">0</subfield>
    <subfield code="7">0</subfield>
    <subfield code="8">NFIC</subfield>
    <subfield code="a">RKP</subfield>
    <subfield code="b">RKP</subfield>
    <subfield code="d">2012-11-26</subfield>
    <subfield code="g">160.00</subfield>
    <subfield code="l">3</subfield>
    <subfield code="m">2</subfield>
    <subfield code="o">540 CHA</subfield>
    <subfield code="p">B-469377</subfield>
    <subfield code="r">2022-09-17 00:00:00</subfield>
    <subfield code="s">2022-09-01</subfield>
    <subfield code="t">1</subfield>
    <subfield code="w">2012-11-26</subfield>
    <subfield code="y">CH</subfield>
  </datafield>
  <datafield tag="952" ind1=" " ind2=" ">
    <subfield code="0">0</subfield>
    <subfield code="1">0</subfield>
    <subfield code="4">0</subfield>
    <subfield code="7">0</subfield>
    <subfield code="8">NFIC</subfield>
    <subfield code="a">AG</subfield>
    <subfield code="b">AG</subfield>
    <subfield code="d">2012-11-26</subfield>
    <subfield code="g">160.00</subfield>
    <subfield code="l">0</subfield>
    <subfield code="o">540 CHA</subfield>
    <subfield code="p">B-469378</subfield>
    <subfield code="r">2012-11-26 00:00:00</subfield>
    <subfield code="t">1</subfield>
    <subfield code="w">2012-11-26</subfield>
    <subfield code="y">CH</subfield>
  </datafield>
  <datafield tag="952" ind1=" " ind2=" ">
    <subfield code="0">0</subfield>
    <subfield code="1">0</subfield>
    <subfield code="4">0</subfield>
    <subfield code="7">0</subfield>
    <subfield code="8">NFIC</subfield>
    <subfield code="a">SP</subfield>
    <subfield code="b">SP</subfield>
    <subfield code="d">2012-11-26</subfield>
    <subfield code="g">160.00</subfield>
    <subfield code="l">0</subfield>
    <subfield code="o">540 CHA</subfield>
    <subfield code="p">B-469379</subfield>
    <subfield code="r">2012-11-26 00:00:00</subfield>
    <subfield code="t">1</subfield>
    <subfield code="w">2012-11-26</subfield>
    <subfield code="y">CH</subfield>
  </datafield>
  <datafield tag="952" ind1=" " ind2=" ">
    <subfield code="0">0</subfield>
    <subfield code="1">5</subfield>
    <subfield code="4">0</subfield>
    <subfield code="7">0</subfield>
    <subfield code="8">NFIC</subfield>
    <subfield code="a">VP</subfield>
    <subfield code="b">VP</subfield>
    <subfield code="d">2012-11-26</subfield>
    <subfield code="g">160.00</subfield>
    <subfield code="l">3</subfield>
    <subfield code="o">540 CHA</subfield>
    <subfield code="p">B-469380</subfield>
    <subfield code="r">2013-08-13 00:00:00</subfield>
    <subfield code="s">2013-07-29</subfield>
    <subfield code="t">1</subfield>
    <subfield code="y">CH</subfield>
  </datafield>
  <datafield tag="952" ind1=" " ind2=" ">
    <subfield code="0">0</subfield>
    <subfield code="1">0</subfield>
    <subfield code="4">0</subfield>
    <subfield code="7">0</subfield>
    <subfield code="8">NFIC</subfield>
    <subfield code="a">BL3</subfield>
    <subfield code="b">BL3</subfield>
    <subfield code="d">2012-11-26</subfield>
    <subfield code="g">160.00</subfield>
    <subfield code="l">0</subfield>
    <subfield code="o">540 CHA</subfield>
    <subfield code="p">B-469381</subfield>
    <subfield code="r">2012-11-26 00:00:00</subfield>
    <subfield code="t">1</subfield>
    <subfield code="w">2012-11-26</subfield>
    <subfield code="y">CH</subfield>
  </datafield>
  <datafield tag="952" ind1=" " ind2=" ">
    <subfield code="0">0</subfield>
    <subfield code="1">0</subfield>
    <subfield code="4">0</subfield>
    <subfield code="7">0</subfield>
    <subfield code="8">NFIC</subfield>
    <subfield code="a">NRR</subfield>
    <subfield code="b">NRR</subfield>
    <subfield code="d">2012-11-26</subfield>
    <subfield code="g">160.00</subfield>
    <subfield code="l">0</subfield>
    <subfield code="o">540 CHA</subfield>
    <subfield code="p">B-469382</subfield>
    <subfield code="r">2012-11-26 00:00:00</subfield>
    <subfield code="t">1</subfield>
    <subfield code="w">2012-11-26</subfield>
    <subfield code="y">CH</subfield>
  </datafield>
  <datafield tag="952" ind1=" " ind2=" ">
    <subfield code="0">0</subfield>
    <subfield code="1">0</subfield>
    <subfield code="4">0</subfield>
    <subfield code="7">0</subfield>
    <subfield code="8">NFIC</subfield>
    <subfield code="a">BKK</subfield>
    <subfield code="b">BKK</subfield>
    <subfield code="d">2012-11-26</subfield>
    <subfield code="g">160.00</subfield>
    <subfield code="l">0</subfield>
    <subfield code="o">540 CHA</subfield>
    <subfield code="p">B-469383</subfield>
    <subfield code="r">2012-11-26 00:00:00</subfield>
    <subfield code="t">1</subfield>
    <subfield code="w">2012-11-26</subfield>
    <subfield code="y">CH</subfield>
  </datafield>
  <datafield tag="952" ind1=" " ind2=" ">
    <subfield code="0">0</subfield>
    <subfield code="1">0</subfield>
    <subfield code="4">0</subfield>
    <subfield code="7">0</subfield>
    <subfield code="8">NFIC</subfield>
    <subfield code="a">NR</subfield>
    <subfield code="b">NR</subfield>
    <subfield code="d">2012-11-26</subfield>
    <subfield code="g">160.00</subfield>
    <subfield code="l">0</subfield>
    <subfield code="o">540 CHA</subfield>
    <subfield code="p">B-469384</subfield>
    <subfield code="r">2012-11-26 00:00:00</subfield>
    <subfield code="t">1</subfield>
    <subfield code="w">2012-11-26</subfield>
    <subfield code="y">CH</subfield>
  </datafield>
  <datafield tag="952" ind1=" " ind2=" ">
    <subfield code="0">0</subfield>
    <subfield code="1">0</subfield>
    <subfield code="4">0</subfield>
    <subfield code="7">0</subfield>
    <subfield code="8">NFIC</subfield>
    <subfield code="a">BN</subfield>
    <subfield code="b">BN</subfield>
    <subfield code="d">2012-11-26</subfield>
    <subfield code="g">160.00</subfield>
    <subfield code="l">2</subfield>
    <subfield code="o">540 CHA</subfield>
    <subfield code="p">B-469385</subfield>
    <subfield code="r">2022-05-31 00:00:00</subfield>
    <subfield code="s">2022-05-12</subfield>
    <subfield code="t">1</subfield>
    <subfield code="w">2012-11-26</subfield>
    <subfield code="y">CH</subfield>
  </datafield>
  <datafield tag="952" ind1=" " ind2=" ">
    <subfield code="0">0</subfield>
    <subfield code="1">0</subfield>
    <subfield code="4">0</subfield>
    <subfield code="7">0</subfield>
    <subfield code="8">NFIC</subfield>
    <subfield code="a">KV</subfield>
    <subfield code="b">KV</subfield>
    <subfield code="d">2012-11-26</subfield>
    <subfield code="g">160.00</subfield>
    <subfield code="l">0</subfield>
    <subfield code="o">540 CHA</subfield>
    <subfield code="p">B-469386</subfield>
    <subfield code="r">2012-11-26 00:00:00</subfield>
    <subfield code="t">1</subfield>
    <subfield code="w">2012-11-26</subfield>
    <subfield code="y">CH</subfield>
  </datafield>
  <datafield tag="952" ind1=" " ind2=" ">
    <subfield code="0">0</subfield>
    <subfield code="1">0</subfield>
    <subfield code="4">0</subfield>
    <subfield code="7">0</subfield>
    <subfield code="8">NFIC</subfield>
    <subfield code="a">MV</subfield>
    <subfield code="b">MV</subfield>
    <subfield code="d">2012-11-26</subfield>
    <subfield code="g">160.00</subfield>
    <subfield code="l">0</subfield>
    <subfield code="o">540 CHA</subfield>
    <subfield code="p">B-469387</subfield>
    <subfield code="r">2012-11-26 00:00:00</subfield>
    <subfield code="t">1</subfield>
    <subfield code="w">2012-11-26</subfield>
    <subfield code="y">CH</subfield>
  </datafield>
  <datafield tag="952" ind1=" " ind2=" ">
    <subfield code="0">4</subfield>
    <subfield code="1">0</subfield>
    <subfield code="4">0</subfield>
    <subfield code="7">0</subfield>
    <subfield code="8">NFIC</subfield>
    <subfield code="a">MP</subfield>
    <subfield code="b">MP</subfield>
    <subfield code="d">2012-11-26</subfield>
    <subfield code="g">160.00</subfield>
    <subfield code="l">0</subfield>
    <subfield code="o">540 CHA</subfield>
    <subfield code="p">B-469388</subfield>
    <subfield code="r">2012-11-26 00:00:00</subfield>
    <subfield code="t">1</subfield>
    <subfield code="w">2012-11-26</subfield>
    <subfield code="y">CH</subfield>
    <subfield code="z">Written off on approval by DLB (By Circulation); dtd 20.12.2022</subfield>
  </datafield>
  <datafield tag="952" ind1=" " ind2=" ">
    <subfield code="0">0</subfield>
    <subfield code="1">0</subfield>
    <subfield code="4">0</subfield>
    <subfield code="7">0</subfield>
    <subfield code="8">NFIC</subfield>
    <subfield code="a">BL4</subfield>
    <subfield code="b">BL4</subfield>
    <subfield code="d">2012-11-26</subfield>
    <subfield code="g">160.00</subfield>
    <subfield code="l">0</subfield>
    <subfield code="o">540 CHA</subfield>
    <subfield code="p">B-469389</subfield>
    <subfield code="r">2012-11-26 00:00:00</subfield>
    <subfield code="t">1</subfield>
    <subfield code="w">2012-11-26</subfield>
    <subfield code="y">CH</subfield>
  </datafield>
  <datafield tag="952" ind1=" " ind2=" ">
    <subfield code="0">0</subfield>
    <subfield code="1">0</subfield>
    <subfield code="4">0</subfield>
    <subfield code="7">0</subfield>
    <subfield code="8">NFIC</subfield>
    <subfield code="a">BL4</subfield>
    <subfield code="b">BL4</subfield>
    <subfield code="d">2012-11-26</subfield>
    <subfield code="g">160.00</subfield>
    <subfield code="l">4</subfield>
    <subfield code="o">540 CHA</subfield>
    <subfield code="p">B-469390</subfield>
    <subfield code="r">2023-04-03 00:00:00</subfield>
    <subfield code="s">2023-03-20</subfield>
    <subfield code="t">1</subfield>
    <subfield code="y">CH</subfield>
  </datafield>
  <datafield tag="952" ind1=" " ind2=" ">
    <subfield code="0">0</subfield>
    <subfield code="1">0</subfield>
    <subfield code="4">0</subfield>
    <subfield code="7">0</subfield>
    <subfield code="8">NFIC</subfield>
    <subfield code="a">RC3</subfield>
    <subfield code="b">RC3</subfield>
    <subfield code="d">2012-11-26</subfield>
    <subfield code="g">160.00</subfield>
    <subfield code="l">0</subfield>
    <subfield code="o">540 CHA</subfield>
    <subfield code="p">B-469391</subfield>
    <subfield code="r">2012-11-26 00:00:00</subfield>
    <subfield code="t">2</subfield>
    <subfield code="w">2012-11-26</subfield>
    <subfield code="y">CH</subfield>
  </datafield>
  <datafield tag="952" ind1=" " ind2=" ">
    <subfield code="0">0</subfield>
    <subfield code="1">0</subfield>
    <subfield code="4">0</subfield>
    <subfield code="7">0</subfield>
    <subfield code="8">NFIC</subfield>
    <subfield code="a">RC3</subfield>
    <subfield code="b">RC3</subfield>
    <subfield code="d">2012-11-26</subfield>
    <subfield code="g">160.00</subfield>
    <subfield code="l">2</subfield>
    <subfield code="o">540 CHA</subfield>
    <subfield code="p">B-469392</subfield>
    <subfield code="r">2023-05-22 00:00:00</subfield>
    <subfield code="s">2023-05-20</subfield>
    <subfield code="t">2</subfield>
    <subfield code="w">2012-11-26</subfield>
    <subfield code="y">CH</subfield>
  </datafield>
</record>
